| 000 | 01110cam a22001934a 4500 | ||
|---|---|---|---|
| 020 | _a9780801039607 (pbk.) | ||
| 020 | _a0801039606 (pbk.) | ||
| 041 | _aENG | ||
| 082 | 0 | 0 |
_a224.307 _bALL |
| 100 | 1 | _aAllen, Leslie C. | |
| 245 | 1 | 2 | _aA liturgy of grief :A Pastoral Commentary on Lamentations |
| 260 |
_aGrand Rapids, Mich. : _bBaker Academic, _cc2011. |
||
| 300 | _axi, 195 p. ; | ||
| 505 | 0 | _aForeword / Nichols Wolterstorff -- First poem (Lamentations 1) : grief, guilt, and the need for prayer (1) -- Second prayer (Lamentations 2) : grief, guilt, and the need for prayer (2) -- Third poem (Lamentations 3) : the wounded healer -- Fourth poem (Lamentations 4) : grief and guilt -- 5. Fifth poem (Lamentations 5) : the congregation's prayer as a turning point. | |
| 520 | _aAllen, an experienced scholar and hospital chaplain, is the first to use the Old Testament book of Lamentations to throw light on grief, and to use contemproray examples and discussions of grief to throw lights on Lamentations. | ||
| 650 | 0 | _aGrief - Religious Aspects - Christianity | |
| 650 | 0 | _aPastoral care. | |
| 942 | _cBK | ||
| 999 |
_c22540 _d22540 |
||